000 00394nam a2200169Ia 4500
001 6319
003 IN-NITTTR
005 20251114233017.0
008 251113s9999||||xx |||||||||||||| ||eng||
040 _beng
040 _cIN-NITTTR
041 _aeng
082 _a510 B21M
100 _aBall, W W Rouse
245 0 _aMathematical Recreations and Essays. /
_cBall, W W Rouse
942 _2ddc
_cBK
999 _c8957
_d8957